[Event "AUTO-MASTER-3247"]
[Site "http://www.queenalice.com/game.php?id=1850425"]
[Date "2025.1.15"]
[Round "1"]
[White "Fauquinelle"]
[Black "quithero"]
[Result "0-1"]
[WhiteElo "1967"]
[BlackElo "2040"]

1. e4 e5 2. Nf3 Nc6 3. Bb5 a6 4. Ba4 Bc5 5. Nxe5 Bxf2+ 6. Kxf2 Qh4+ 7. g3 Qxe4
8. Bxc6 dxc6 9. Re1 Qd4+ 10. Kg2 Be6 11. Nc3 O-O-O 12. d3 Ne7 13. Nf3 Qd7 14.
Bf4 Bg4 15. Qe2 Nd5 16. Be5 f6 17. Nxd5 fxe5 18. Ne3 Bh5 19. Qf2 Rhf8 20. h3
Bxf3+ 0-1

[Event "AUTO-MASTER-3247"]
[Site "http://www.queenalice.com/game.php?id=1850426"]
[Date "2025.1.15"]
[Round "1"]
[White "quithero"]
[Black "Fauquinelle"]
[Result "1-0"]
[WhiteElo "2053"]
[BlackElo "1973"]

1. d4 d5 2. c4 c6 3. Nc3 Nf6 4. Nf3 Bf5 5. e3 Nbd7 6. Bd3 Bg4 7. O-O Qc7 8. h3
Bh5 9. Bd2 e5 10. dxe5 Nxe5 11. Be2 dxc4 12. Nxe5 Qxe5 13. Bxh5 Nxh5 14. f4 Qc7
15. Qxh5 O-O-O 16. Ne4 g6 17. Qf3 f5 18. Bc3 Bg7 19. Bxg7 fxe4 20. Qg4+ 1-0

[Event "AUTO-MASTER-3247"]
[Site "http://www.queenalice.com/game.php?id=1850433"]
[Date "2025.1.15"]
[Round "1"]
[White "atbn"]
[Black "quithero"]
[Result "1-0"]
[WhiteElo "1944"]
[BlackElo "2002"]

1. e4 e5 2. Nf3 Nc6 3. Bc4 d6 4. h3 h6 5. d4 exd4 6. Nxd4 Bd7 7. Be3 Nf6 8. Nc3
Be7 9. Qd2 Ne5 10. Bb3 O-O 11. O-O-O c5 12. Nf5 Bxf5 13. exf5 b5 14. Nxb5 c4 15.
Ba4 d5 16. Nc3 Qa5 17. f4 Ned7 18. Nxd5 Qxd2+ 19. Rxd2 Nxd5 20. Rxd5 Nb6 21. Ra5
Nxa4 22. Rxa4 c3 23. b3 a6 24. Bd4 Rfc8 25. Re1 Bh4 26. Re3 Bf2 27. Rxc3 Bxd4
28. Rxc8+ Rxc8 29. Rxd4 Kf8 30. c4 Ke7 31. Kd2 a5 32. Rd5 a4 33. Kc3 axb3 34.
axb3 Kf6 35. b4 g6 36. fxg6 fxg6 37. b5 g5 38. fxg5+ hxg5 39. Kb4 1-0

[Event "AUTO-MASTER-3247"]
[Site "http://www.queenalice.com/game.php?id=1850434"]
[Date "2025.1.15"]
[Round "1"]
[White "quithero"]
[Black "atbn"]
[Result "0-1"]
[WhiteElo "2052"]
[BlackElo "1934"]

1. e4 e6 2. d4 d5 3. e5 c5 4. c3 Nc6 5. Nf3 Qb6 6. a3 cxd4 7. cxd4 Bd7 8. Be2
Nh6 9. Bxh6 Qxb2 10. Bxg7 Bxg7 11. Nbd2 Nxd4 12. Nxd4 Qxd4 13. O-O Bxe5 14. Nf3
Qxa1 15. Qxa1 Bxa1 16. Rxa1 Ke7 17. Ne5 f6 18. Nxd7 Kxd7 19. Rb1 b6 20. a4 a5
21. Rxb6 Rhb8 22. Rxb8 Rxb8 23. Bb5+ Rxb5 24. axb5 a4 25. b6 a3 0-1

[Event "AUTO-MASTER-3249"]
[Site "http://www.queenalice.com/game.php?id=1850879"]
[Date "2025.1.24"]
[Round "1"]
[White "quithero"]
[Black "Guilherme_Ottoni"]
[Result "1/2-1/2"]
[WhiteElo "2044"]
[BlackElo "2241"]

1. e4 e5 2. Nf3 Nc6 3. Bc4 Nf6 4. Nc3 Nxe4 5. Bxf7+ Kxf7 6. Nxe4 d5 7. Neg5+ Kg8
8. d3 h6 9. Nh3 Bxh3 10. gxh3 Qf6 11. Rg1 Kh7 12. c3 Bd6 13. Qe2 Rhf8 14. Nd2
Rae8 15. Rg2 g6 16. Qg4 Ne7 17. Kd1 Rf7 18. Kc2 Qf5 19. b4 Ref8 20. f3 Qf6 21.
Bb2 Nf5 22. Re1 Nh4 23. Rf2 Qf4 24. Qxf4 Rxf4 25. Re3 d4 26. Re4 dxc3 27. Bxc3
Nxf3 28. Rxf3 Rxf3 29. Nxf3 Rxf3 30. Bxe5 Bxe5 31. Rxe5 Rf7 32. Kc3 g5 33. a4 c6
34. Kc4 Kg6 35. d4 Kf6 36. Kc5 Rd7 37. b5 cxb5 38. axb5 a6 39. bxa6 bxa6 40. Re3
Rc7+ 41. Kb6 Rc2 42. Kxa6 Rxh2 43. Kb6 Rd2 44. Kc5 h5 45. d5 Rc2+ 46. Kd6 g4 47.
hxg4 hxg4 48. Kd7 Rd2 49. d6 Kf5 50. Ke7 Kf4 51. Re1 g3 52. d7 g2 53. d8=Q Rxd8
54. Kxd8 Kf3 55. Rb1 1/2-1/2

[Event "AUTO-MASTER-3249"]
[Site "http://www.queenalice.com/game.php?id=1850880"]
[Date "2025.1.24"]
[Round "1"]
[White "Guilherme_Ottoni"]
[Black "quithero"]
[Result "1-0"]
[WhiteElo "2222"]
[BlackElo "2066"]

1. e4 e5 2. Nf3 Nc6 3. Bb5 a6 4. Ba4 b5 5. Bb3 d6 6. c3 Nf6 7. Bc2 Be7 8. h3 O-O
9. O-O Bb7 10. Re1 Re8 11. d4 Qd7 12. d5 Nd8 13. a4 c6 14. axb5 cxd5 15. exd5
Bxd5 16. bxa6 Qc6 17. b4 Bxf3 18. Qxf3 Qxf3 19. gxf3 Nc6 20. f4 exf4 21. Bxf4
Kf8 22. b5 Nb8 23. c4 Rc8 24. Nd2 Nbd7 25. Be3 d5 26. b6 Nxb6 27. Bxb6 Bc5 28.
Bxc5+ Rxc5 29. Bb3 Ra7 30. cxd5 Nxd5 31. Re5 1-0

[Event "AUTO-MASTER-3249"]
[Site "http://www.queenalice.com/game.php?id=1850881"]
[Date "2025.1.24"]
[Round "1"]
[White "quithero"]
[Black "stoyan1"]
[Result "0-1"]
[WhiteElo "2020"]
[BlackElo "2042"]

1. d4 d5 2. c4 dxc4 3. e4 b5 4. g3 e5 5. dxe5 Qxd1+ 6. Kxd1 Nd7 7. f4 Nc5 8. Bg2
Bb7 9. Nd2 O-O-O 10. Kc2 f6 11. b4 Na6 12. a3 c5 13. Bh3+ Kb8 14. Ne2 cxb4 15.
axb4 Nxb4+ 16. Kc3 Rd3+ 17. Kb2 Re3 18. Bf1 Bxe4 19. Rg1 Nd3+ 20. Ka2 Bd5 21.
Kb1 Nxc1 22. Nxc1 c3 23. Ndb3 Bc4 24. Bxc4 bxc4 25. Nc5 Bxc5 26. exf6 Nxf6 27.
Rg2 Ka8 28. Ra4 Rb8+ 29. Ka2 Re1 30. Rc2 Bd4 31. Rxc4 Rb2+ 32. Rxb2 cxb2 33. Kb1
bxc1=Q+ 34. Rxc1 Rxc1+ 35. Kxc1 Kb7 0-1

[Event "AUTO-MASTER-3249"]
[Site "http://www.queenalice.com/game.php?id=1850882"]
[Date "2025.1.24"]
[Round "1"]
[White "stoyan1"]
[Black "quithero"]
[Result "1-0"]
[WhiteElo "2057"]
[BlackElo "1964"]

1. d4 d5 2. Nf3 Nf6 3. Nc3 e6 4. Ne5 Nbd7 5. Bf4 Nh5 6. Nxd7 Nxf4 7. Nxf8 Rxf8
8. e3 Ng6 9. Bd3 f5 10. Qh5 Rh8 11. g4 Qh4 12. Qxh4 Nxh4 13. gxf5 exf5 14. Nxd5
Kd7 15. O-O-O c6 16. Nf4 Kc7 17. Rhg1 Rg8 18. Bc4 Rh8 19. Rxg7+ Kb6 20. Rd3 a6
21. d5 Nf3 22. d6 Ne5 23. Rb3+ Kc5 24. Nd3+ Nxd3+ 25. Bxd3 Kxd6 26. e4 Be6 27.
Rbxb7 fxe4 28. Bxe4 Rac8 29. Rxh7 Rhf8 30. f3 Rg8 31. Rbg7 Rgf8 32. Rg6 Rfe8 33.
Bf5 Ke5 34. Bxe6 Rxe6 35. Rh5+ Kd6 36. Rxe6+ Kxe6 37. Kd2 Rd8+ 38. Ke3 Re8 39.
f4 Kd6+ 40. Kf3 Rf8 41. h4 1-0

[Event "AUTO-MASTER-3249"]
[Site "http://www.queenalice.com/game.php?id=1850883"]
[Date "2025.1.24"]
[Round "1"]
[White "quithero"]
[Black "pomar"]
[Result "0-1"]
[WhiteElo "2005"]
[BlackElo "1845"]

1. e4 e6 2. d4 d5 3. e5 c5 4. c3 Qb6 5. Nf3 Nc6 6. b3 cxd4 7. cxd4 Bb4+ 8. Ke2
Bd7 9. a3 Qa5 10. Bd2 Bxd2 11. Nbxd2 Nge7 12. b4 Qb6 13. Nb3 O-O 14. Nc5 Qc7 15.
Nxd7 Qxd7 16. g3 Qc7 17. Bh3 Qb6 18. Kf1 Rac8 19. Kg2 h6 20. Re1 Nf5 21. Bxf5
exf5 22. Qd3 g6 23. Rad1 Nd8 24. Nh4 Ne6 25. Nf3 Rc4 26. Qd2 Kg7 27. Re3 Rfc8
28. Rd3 Rc2 29. Qe3 Ra2 30. Ne1 Rc4 31. R3d2 Rxd2 32. Qxd2 Rxd4 33. Qe2 Re4 34.
Qa2 d4 35. f4 Qb5 36. Nd3 Re3 37. Qb3 Nc5 38. Qb1 Nxd3 39. a4 Nxf4+ 40. gxf4
Qe2+ 0-1

[Event "AUTO-MASTER-3249"]
[Site "http://www.queenalice.com/game.php?id=1850884"]
[Date "2025.1.24"]
[Round "1"]
[White "pomar"]
[Black "quithero"]
[Result "0-1"]
[WhiteElo "1928"]
[BlackElo "1952"]

1. f3 d5 2. Kf2 c6 3. e3 e5 4. g3 Bc5 5. d4 exd4 6. exd4 Bb6 7. Be3 Nf6 8. Bh3
O-O 9. Bxc8 Qxc8 10. Kg2 Qe6 11. Qd2 Re8 12. Bg5 Nbd7 13. Nh3 Qe2+ 14. Nf2 Qxd2
15. Nxd2 Bxd4 16. c3 Bb6 17. Rhe1 h6 18. Bxf6 Nxf6 19. Nd3 Kf8 20. Nb3 Rad8 21.
Nbc5 Bxc5 22. Nxc5 b6 23. Na6 Rxe1 24. Rxe1 Re8 25. Kf2 c5 26. g4 Rxe1 27. Kxe1
Ke7 28. b4 Kd6 29. Kd2 Nd7 30. f4 Kc6 31. a4 Kb7 32. b5 Nf6 33. h3 Ne4+ 34. Kc2
Nf2 35. g5 hxg5 36. fxg5 Nxh3 37. g6 f6 38. Kd2 Nf4 39. Ke3 Nxg6 40. Kf3 Ne5+
41. Kf4 g5+ 42. Kf5 Nd3 43. Kxf6 g4 44. Ke6 g3 45. Kxd5 g2 46. Ke4 Nb2 0-1

[Event "AUTO-MASTER-3232"]
[Site "http://www.queenalice.com/game.php?id=1851207"]
[Date "2025.1.30"]
[Round "2"]
[White "Donidon"]
[Black "quithero"]
[Result "1-0"]
[WhiteElo "2215"]
[BlackElo "1961"]

1. e4 e5 2. Nf3 Nc6 3. d4 exd4 4. Nxd4 Qe7 5. Nc3 g6 6. Bc4 Nf6 7. O-O Ne5 8.
Bb3 Bg7 9. f4 Nc6 10. Nxc6 dxc6 11. f5 gxf5 12. exf5 Qc5+ 13. Kh1 Bxf5 14. Rxf5
Qxf5 15. Qe2+ Kf8 16. Bd2 Re8 17. Qc4 Nd5 18. Rf1 Qd7 19. Nxd5 cxd5 20. Qxd5
Qxd5 21. Bxd5 Ke7 22. Bb4+ Kd8 23. Bxb7 Bf8 24. Rd1+ Bd6 25. g3 Rhg8 26. Bc6 Re2
27. Bc3 Rxc2 28. Be4 Re2 29. Bxh7 Rg5 30. Bf6+ Ke8 31. Bxg5 Kf8 32. Bf6 Re6 33.
Bc3 Rh6 34. Be4 Bxg3 35. Bb4+ Kg7 36. Kg2 Be5 37. Bc3 Bxc3 38. bxc3 Rh3 39. Kxh3
1-0

[Event "AUTO-MASTER-3232"]
[Site "http://www.queenalice.com/game.php?id=1851208"]
[Date "2025.1.30"]
[Round "2"]
[White "quithero"]
[Black "Donidon"]
[Result "0-1"]
[WhiteElo "1967"]
[BlackElo "2208"]

1. e4 e5 2. Nf3 Nc6 3. Bc4 Nf6 4. Nc3 Bb4 5. a3 Bxc3 6. dxc3 O-O 7. O-O d6 8.
Re1 Bg4 9. h3 Bh5 10. Bd3 h6 11. Be3 Bg6 12. Nd2 Nh5 13. c4 Nf4 14. Qf3 Nxd3 15.
cxd3 Nd4 16. Bxd4 exd4 17. b4 Qg5 18. Nb3 c5 19. b5 h5 20. a4 f5 21. e5 dxe5 22.
Rxe5 b6 23. a5 Rae8 24. Rae1 Rxe5 25. Rxe5 h4 26. axb6 axb6 27. Qd5+ Kh7 28. Qb7
Qf6 29. Re7 f4 30. Nc1 f3 31. Qd7 fxg2 32. Re2 Qf4 0-1

[Event "AUTO-MASTER-3232"]
[Site "http://www.queenalice.com/game.php?id=1851209"]
[Date "2025.1.30"]
[Round "2"]
[White "Kapablanca"]
[Black "quithero"]
[Result "1-0"]
[WhiteElo "2089"]
[BlackElo "2059"]

1. d4 d5 2. c4 c6 3. e3 Nf6 4. Nf3 e6 5. Be2 Be7 6. O-O O-O 7. Nc3 a6 8. c5 Ne4
9. Nd2 f5 10. f4 Nd7 11. Nf3 Rf6 12. Bd2 Nxd2 13. Qxd2 b6 14. cxb6 Qxb6 15. b3
c5 16. Na4 Qa7 17. Rac1 cxd4 18. Nxd4 Bb7 19. Rc7 1-0

[Event "AUTO-MASTER-3232"]
[Site "http://www.queenalice.com/game.php?id=1851210"]
[Date "2025.1.30"]
[Round "2"]
[White "quithero"]
[Black "Kapablanca"]
[Result "0-1"]
[WhiteElo "2031"]
[BlackElo "2148"]

1. e4 e6 2. d4 d5 3. e5 c5 4. c3 Nc6 5. a3 Bd7 6. Nf3 Qb6 7. b4 cxd4 8. cxd4
Nge7 9. Be2 Ng6 10. O-O Be7 11. Nc3 O-O 12. Bd3 Nxd4 13. Ng5 Nc6 14. Qh5 Bxg5
15. Qxg5 Ncxe5 16. Bxg6 Nxg6 17. h4 Rfc8 18. Bb2 f6 19. Qg3 Qc7 20. Qg4 Qf4 21.
Qxf4 Nxf4 22. g3 Rxc3 23. Bxc3 Ne2+ 24. Kg2 Nxc3 25. Rfc1 d4 26. Kf3 e5 27. a4
Bxa4 28. Rxc3 dxc3 29. Rxa4 Rc8 30. Ra1 Kf7 31. Ke3 a6 32. Kd3 Ke6 33. Rc1 c2
34. f3 Kd5 35. g4 b5 0-1

[Event "Be Nice to Elders"]
[Site "http://www.queenalice.com/game.php?id=1852342"]
[Date "2025.2.16"]
[Round "-"]
[White "Mikalus"]
[Black "quithero"]
[Result "1/2-1/2"]
[WhiteElo "1920"]
[BlackElo "1955"]

1. d4 Nf6 2. Nf3 e6 3. e3 Be7 4. Bd3 O-O 5. O-O b6 6. b3 Bb7 7. Bb2 c5 8. c4
cxd4 9. Bxd4 Nc6 10. Bc3 d5 11. Nd4 dxc4 12. Bxc4 Ne5 13. Be2 Ng6 14. Nd2 Qc7
15. Rc1 Rfd8 16. N2f3 Ng4 17. h3 Bxf3 18. hxg4 Bxe2 19. Qxe2 Rac8 20. Bb2 Qb7
21. Nf3 Nh4 22. Be5 Nxf3+ 23. gxf3 Bd6 24. Bg3 Qb8 25. Kg2 Bxg3 26. fxg3 Rxc1
27. Rxc1 Qd6 28. Re1 Qb4 29. Rd1 Rxd1 30. Qxd1 g6 31. g5 Qc5 32. Qd8+ Kg7 33.
Qf6+ Kg8 34. Qd8+ Kg7 35. Qf6+ Kg8 36. Qd8+ Kg7 1/2-1/2

[Event "AUTO-MASTER-3255"]
[Site "http://www.queenalice.com/game.php?id=1852949"]
[Date "2025.2.26"]
[Round "1"]
[White "quithero"]
[Black "Diego_Silveira"]
[Result "1-0"]
[WhiteElo "1988"]
[BlackElo "2194"]

1. e4 c6 2. Bc4 d5 3. exd5 cxd5 4. Bb5+ Bd7 5. Bxd7+ Qxd7 6. d4 Nc6 7. Nf3 e6 8.
O-O Nf6 9. Nc3 Be7 10. Bf4 O-O 11. a3 Rac8 12. Re1 Rfe8 13. Qd3 h6 14. b4 a6 15.
Na4 Ne4 16. Nb6 Qd8 17. Nxc8 Qxc8 18. c4 Bf6 19. c5 g5 20. Be3 Rd8 21. Nd2 Nxd2
22. Qxd2 e5 23. dxe5 Nxe5 24. Bd4 Nc4 25. Qc3 Bxd4 26. Qxd4 Qf5 27. a4 Kh7 28.
Rac1 Rd7 29. g4 Nd2 30. Qxd2 Qxg4+ 31. Kf1 Qh3+ 32. Ke2 Qg4+ 33. Kd3 Qf5+ 34.
Kc3 d4+ 35. Kb3 Qd5+ 36. Ka3 Qf3+ 37. Kb2 d3 38. Re3 Qf6+ 39. Rc3 1-0

[Event "AUTO-MASTER-3255"]
[Site "http://www.queenalice.com/game.php?id=1852950"]
[Date "2025.2.26"]
[Round "1"]
[White "Diego_Silveira"]
[Black "quithero"]
[Result "1-0"]
[WhiteElo "2202"]
[BlackElo "2010"]

1. d4 e6 2. c4 c6 3. d5 cxd5 4. cxd5 Qa5+ 5. Nc3 Bb4 6. Qd4 Bxc3+ 7. bxc3 Nf6 8.
Bg5 Nxd5 9. Qxg7 Qxc3+ 10. Qxc3 Nxc3 11. Bf6 O-O 12. Bxc3 Nc6 13. Nf3 d5 14. e3
a6 15. Bd3 b5 16. Bf6 1-0

[Event "AUTO-MASTER-3255"]
[Site "http://www.queenalice.com/game.php?id=1852951"]
[Date "2025.2.26"]
[Round "1"]
[White "quithero"]
[Black "CCapivara"]
[Result "0-1"]
[WhiteElo "1954"]
[BlackElo "2196"]

1. e4 d6 2. d4 Nf6 3. Nc3 c6 4. Bg5 Nbd7 5. Nf3 Qa5 6. Bd3 e5 7. dxe5 dxe5 8.
O-O Bb4 9. Ne2 O-O 10. c3 Be7 11. b4 Qc7 12. a3 Rd8 13. Qc2 Nf8 14. Rfd1 Bg4 15.
Ne1 Ne6 16. Bxf6 Bxf6 17. f3 Bh5 18. Bc4 Nf4 19. Nxf4 exf4 20. Nd3 Rd7 21. Rac1
Rad8 22. Nf2 Rxd1+ 23. Rxd1 Rxd1+ 24. Nxd1 Qd6 25. Bb3 c5 26. Bd5 b6 27. Qd2 Kf8
28. Kf1 Ke7 29. Nb2 g5 30. Nc4 Qc7 31. a4 cxb4 32. cxb4 g4 33. Ke2 gxf3+ 34.
gxf3 Qd7 35. b5 Qh3 36. Qb4+ Ke8 37. Bc6+ Kd8 38. Qd6+ Kc8 39. Qxf4 Qg2+ 40. Ke3
Bg5 0-1

[Event "AUTO-MASTER-3255"]
[Site "http://www.queenalice.com/game.php?id=1852952"]
[Date "2025.2.26"]
[Round "1"]
[White "CCapivara"]
[Black "quithero"]
[Result "0-1"]
[WhiteElo "2216"]
[BlackElo "1948"]

1. e4 e5 2. Nf3 Nc6 3. Bb5 a6 4. Bxc6 dxc6 5. O-O Bd6 6. d3 Be6 7. Be3 Ne7 8.
Nbd2 b5 9. a4 O-O 10. b3 b4 11. a5 c5 12. h3 c6 13. Nc4 Bxc4 14. dxc4 f6 15. Qe2
Ng6 16. Rfd1 Qe7 17. h4 Rad8 18. h5 Nf4 19. Bxf4 exf4 20. Nh4 Be5 21. Nf5 Qc7
22. Qg4 Bxa1 23. Rxa1 Kh8 24. h6 g5 25. Ng7 Qc8 26. Qh5 Kg8 27. f3 Rd2 28. e5
Qd8 29. e6 Rd1+ 30. Rxd1 Qxd1+ 31. Kh2 Qe2 32. Qg4 Rb8 33. Qf5 Qe5 34. Qd3 Qd4
35. Qe2 Qe3 36. Qxe3 fxe3 37. Kg1 Kf8 38. Kf1 Rd8 39. Ke2 Rd2+ 40. Kxe3 Rxg2 41.
Nf5 Rxc2 42. Ke4 Re2+ 0-1

[Event "AUTO-MASTER-3255"]
[Site "http://www.queenalice.com/game.php?id=1852953"]
[Date "2025.2.26"]
[Round "1"]
[White "quithero"]
[Black "GUKI"]
[Result "0-1"]
[WhiteElo "2011"]
[BlackElo "2279"]

1. e4 c5 2. Bc4 e6 3. Nf3 Nf6 4. e5 d5 5. exf6 dxc4 6. fxg7 Bxg7 7. O-O b6 8.
Re1 Bb7 9. Nc3 Nc6 10. b3 Nd4 11. Nxd4 Bxd4 12. Bb2 Rg8 13. g3 Qd7 14. Rb1 Qc6
15. Ne4 Bxb2 16. Rxb2 O-O-O 17. f3 f5 18. d3 fxe4 19. fxe4 Qd6 20. bxc4 Qd4+ 0-1

[Event "AUTO-MASTER-3255"]
[Site "http://www.queenalice.com/game.php?id=1852954"]
[Date "2025.2.26"]
[Round "1"]
[White "GUKI"]
[Black "quithero"]
[Result "1-0"]
[WhiteElo "2332"]
[BlackElo "2011"]

1. e4 e5 2. Nf3 Nc6 3. Bb5 a6 4. Ba4 b5 5. Bb3 Na5 6. O-O Nxb3 7. axb3 d6 8. d4
Bg4 9. dxe5 dxe5 10. Qxd8+ Rxd8 11. Nxe5 Bh5 12. Rxa6 Bd6 13. Nc6 Rc8 14. e5 Bc5
15. b4 Bb6 16. Be3 Kd7 17. Bxb6 cxb6 18. Nd4 Ne7 19. Na3 Nc6 20. Naxb5 Nxd4 21.
Nxd4 Rhd8 22. c3 Ke8 23. f3 b5 24. Nxb5 Rb8 25. Nd6+ Kf8 26. Rd1 Rb5 27. Ra5
Rxe5 28. Rxe5 1-0

[Event "Challenge"]
[Site "http://www.queenalice.com/game.php?id=1853660"]
[Date "2025.3.10"]
[Round "-"]
[White "quithero"]
[Black "Mikalus"]
[Result "1-0"]
[WhiteElo "1975"]
[BlackElo "1897"]

1. e4 c5 2. f4 e6 3. Nf3 Nc6 4. c4 a6 5. a3 b5 6. Be2 Qa5 7. O-O Be7 8. d4 cxd4
9. Nxd4 Nf6 10. b4 Qc7 11. Nxc6 Qxc6 12. e5 Bb7 13. Bf3 Ne4 14. Nd2 d5 15. exd6
Qxd6 16. Nxe4 Qb6+ 17. c5 Qc7 18. Nd6+ 1-0

[Event "Challenge"]
[Site "http://www.queenalice.com/game.php?id=1854403"]
[Date "2025.3.23"]
[Round "-"]
[White "Mikalus"]
[Black "quithero"]
[Result "1/2-1/2"]
[WhiteElo "1879"]
[BlackElo "1984"]

1. d4 c5 2. Nf3 cxd4 3. Nxd4 e5 4. Nf3 e4 5. Nd4 Nf6 6. e3 d5 7. Be2 Be7 8. b3
O-O 9. Bb2 a6 10. c4 Bb4+ 11. Bc3 Bxc3+ 12. Nxc3 Qa5 13. Qc2 Nc6 14. O-O Nxd4
15. exd4 Bf5 16. Qb2 Rac8 17. b4 Qc7 18. Nxd5 Nxd5 19. cxd5 b5 20. Rac1 Qb7 21.
Rc5 Rfd8 22. Qb3 Rxc5 23. dxc5 Rxd5 24. Rd1 Rxd1+ 25. Qxd1 Qd7 26. a3 Kf8 27. h3
Qxd1+ 28. Bxd1 Ke7 29. g4 Bd7 30. Bb3 Bc6 31. Kh2 h6 32. Kg3 g5 33. h4 f6 34.
hxg5 hxg5 35. Bd1 Ke6 36. f3 Ke5 37. fxe4 Bxe4 38. Bf3 Bxf3 39. Kxf3 f5 40. gxf5
Kxf5 41. Kg3 Ke5 42. Kg4 Kf6 43. c6 Ke6 44. Kxg5 Kd6 45. c7 Kxc7 46. Kf5 Kd6
1/2-1/2

[Event "Challenge"]
[Site "http://www.queenalice.com/game.php?id=1855867"]
[Date "2025.4.20"]
[Round "-"]
[White "quithero"]
[Black "Mikalus"]
[Result "1-0"]
[WhiteElo "2012"]
[BlackElo "1925"]

1. d4 d5 2. g3 e6 3. Nf3 Bd6 4. Bg2 Nf6 5. O-O b6 6. b3 Bb7 7. c4 O-O 8. Nc3 c6
9. Ne5 Nbd7 10. Nxd7 Qxd7 11. Re1 Ne4 12. Nxe4 dxe4 13. Bxe4 f5 14. Bg2 Rad8 15.
Bg5 Be7 16. Bxe7 Qxe7 17. e3 e5 18. f4 e4 19. Bh3 Qf6 20. Qc2 Bc8 21. Rad1 Qh6
22. Bf1 Bb7 23. b4 a6 24. a4 Rd7 25. c5 b5 26. axb5 axb5 27. Ra1 Ra8 28. Ra2
Rdd8 29. Rea1 Kf8 30. Ra5 Qe6 31. Rxa8 Rxa8 32. Rxa8+ Bxa8 33. h4 Bb7 34. Kf2
Bc8 35. Qb2 Ke7 36. Be2 Bd7 37. Qa3 g6 38. Ke1 Qd5 39. Bd1 Qf7 40. Bb3 Qe8 41.
d5 cxd5 42. Bxd5 Be6 43. Bxe6 Kxe6 44. Qa6+ 1-0

[Event "Challenge"]
[Site "http://www.queenalice.com/game.php?id=1857638"]
[Date "2025.5.21"]
[Round "-"]
[White "Mikalus"]
[Black "quithero"]
[Result "1-0"]
[WhiteElo "1903"]
[BlackElo "2011"]

1. d4 e6 2. e4 d5 3. e5 f6 4. Nf3 Nc6 5. exf6 Qxf6 6. Bb5 Bd7 7. Bxc6 Bxc6 8.
O-O O-O-O 9. Bg5 Qg6 10. Bxd8 Kxd8 11. Ne5 Qe8 12. Qf3 Nf6 13. c3 Bb5 14. Re1
Bd6 15. b3 Rf8 16. a4 Ba6 17. Qe3 Ne4 18. f3 Nf6 19. Nd2 h6 20. b4 b6 21. b5 Bb7
22. Rec1 Nh5 23. c4 Nf4 24. c5 Bxe5 25. dxe5 Qg6 26. g3 Nd3 27. c6 Bc8 28. Rc3
Nc5 29. a5 h5 30. axb6 axb6 31. Kg2 Qf5 32. h4 Rg8 33. Qg5+ Qxg5 34. hxg5 g6 35.
Ra8 Rf8 36. Nb3 Nxb3 37. Rxb3 h4 38. gxh4 Rf5 39. Re3 Rf4 40. Rea3 Rb4 41. Rxc8+
1-0